000 00295nam a2200097Ia 4500
082 _aAKF VARK
245 0 _aLittle Lucky Lolo en die Cola Cup-kompetisie
100 _a TADJO, Veronique Auckland Park, South Africa, 2011
_946529
942 _cBK
008 210817s9999 xx 000 0 und d
999 _c155453
_d155452